Word Ladder: Sarah Connor's Locale Quiz Stats

 Plays Quiz Updated Sep 10, 2017

Challenge
Share
Tweet
Embed
Score 0/42 Timer 05:00
0 Plays Today
Clue 4-Letter Word % Correct
Without cost; liberateFREE
97.8%
Units of twelve inchesFEET
97.3%
US Murder-mystery board gameCLUE
97%
Ridge on a guitar neckFRET
96.2%
Metal piece of moneyCOIN
96.1%
Abstain from foodFAST
95.8%
Event attended by CinderellaBALL
95.8%
Get-out-of-jail moneyBAIL
95.6%
Oktober ending?FEST
95.6%
Smoke passage in a chimneyFLUE
93.8%
Something chewed by a nervous personNAIL
93.4%
Key's partner; ringlet of hairLOCK
93.4%
Thread from caterpillarsSILK
93.4%
What to click after finishing an emailSEND
93.3%
Take it on the lamFLEE
93.2%
Bird's beak; one in a walletBILL
92.6%
Affected with disease or ill healthSICK
92.5%
Word spoken while pointingLOOK
92.2%
Fiction's oppositeFACT
92.1%
Horizontal window pieceSILL
91.9%
All there, mentallySANE
91.8%
Clue 4-Letter Word % Correct
Scottish lakeLOCH
91.7%
Material for some castlesSAND
91.6%
Creature for Crockett's capCOON
90.8%
Brand of hair removerNAIR
90.8%
Fish-eating diving birdLOON
89.8%
HemorrhagedBLED
89%
Plant generatorSEED
88.6%
Select; heavy toolPICK
88.5%
Iditarod vehicleSLED
88.4%
Sensitivity in dealing with othersTACT
85.4%
[first rung] [rung 13] ____: Fictional discotheque
French for 'black'
💀 NOIR 💀
84.4%
____ [rung 13] [rung 22]: Fictional discotheque
Neanderthal accompanier, in cartoons; sandwich with toothpicks
💀 CLUB 💀
84.3%
Glazier's unitPANE
80.1%
Coarse fiber of a coconutCOIR
80.1%
Six minutes per mile, e.g.PACE
78.2%
Poland's WalesaLECH
78%
Engine RPM measurer, for shortTACH
74.1%
[rung 32] ____: Said discotheque's street in LA
1950 film stylized as 'SUNSET ____.'
💀 BLVD 💀
74%
[first rung] ____ [rung 22]: Fictional discotheque
It follows 'high' or 'Georgia'
💀 TECH 💀
72.4%
Spanish fashion designer, '____ Rabanne'PACO
60.5%
____ [last rung]: Said discotheque's street in LA
SI unit prefix denoting a factor of 10-12
💀 PICO 💀
59.2%

Today's Daily Dose

Missing Word
'F' Pairs

Word Ladder
Mixed Synonyms

On This Day
August 15th II

You're not logged in!

Compare scores with friends on all Sporcle quizzes.
Join for Free
OR
Log In

You Might Also Like...

Show Comments

Extras

Top Quizzes Today


Score Distribution

Your Account Isn't Verified!

In order to create a playlist on Sporcle, you need to verify the email address you used during registration. Go to your Sporcle Settings to finish the process.

Report this User

Report this user for behavior that violates our Community Guidelines.

Details: